书目信息 |
| 题名: |
化验(实验)室常用仪器设备实用指南
|
|
| 作者: | 李良贸 , 胡虔珍 编著 | |
| 分册: | ||
| 出版信息: | 南昌 江西科学技术出版社 1996 |
|
| 页数: | 415页 | |
| 开本: | 20cm | |
| 丛书名: | ||
| 单 册: | ||
| 中图分类: | O6-32 | |
| 科图分类: | ||
| 主题词: | 化学实验 | |
| 电子资源: | ||
| ISBN: | 7-5390-0936-5 | |
| 000 | 00733nam0 2200241 45 | |
| 001 | 0197003250 | |
| 005 | 20040914083337.1 | |
| 010 | @a7-5390-0936-5@dCNY15.00 | |
| 100 | @a19970130d1996 em y0chiy0121 ea | |
| 101 | 0 | @achi |
| 102 | @aCN@b360000 | |
| 105 | @ay z 000yy | |
| 106 | @ar | |
| 200 | 10 | @a化验(实验)室常用仪器设备实用指南@Ahua yan ( shi yan ) shi chang yong yi qi she bei shi yong zhi nan@f李良贸,胡虔珍编著 |
| 210 | @a南昌@c江西科学技术出版社@d1996 | |
| 215 | @a415页@d20cm | |
| 540 | 1 | @a化验室 仪器@Ahua yan shi yi qi |
| 606 | 0 | @a化学实验 |
| 690 | @aO6-32@v3 | |
| 701 | 0 | @a李良贸@Ali liang mao@4编著 |
| 701 | 0 | @a胡虔珍@Ahu qian zhen@4编著 |
| 801 | 0 | @aCN@bNLC@c19970327 |
| 905 | @dO6-32@e243@b274879@f1 | |
| 化验(实验)室常用仪器设备实用指南/李良贸,胡虔珍编著.-南昌:江西科学技术出版社,1996 |
| 415页;20cm |
| ISBN 7-5390-0936-5:CNY15.00 |
| ● |
| 相关链接 |
|
|
|
|
正题名:化验(实验)室常用仪器设备实用指南
索取号:O6-32/243
 
预约/预借
| 序号 | 登录号 | 条形码 | 馆藏地/架位号 | 状态 | 备注 |
| 1 | 0274877 | 000341972 | 第二样本阅览室/ [索取号:O6-32/243] | 在馆 | |
| 2 | 0274878 | 001944356 | 第三借阅区/ [索取号:O6-32/243] | 在馆 | |
| 3 | 0274879 | 001702429 | 第三借阅区/ [索取号:O6-32/243] | 在馆 |